Modelové chování /

Hlavní autor: McInerney, Jay, 1955-
Další autoři: Manďák, Jindřich, 1947-
Jazyk: Čeština
Vydáno: Praha : Volvox Globator, 2000
Vydání: Vyd. 1
Edice: Arkáda
Témata:
Fyzický popis: 189 s. ; 21 cm
Knihy
Uloženo v:
LEADER 01047nam a2200325 a 4500
001 000555308
003 CZ BrMZK
005 20081215130600.0
007 ta
008 000115s2000 xr cze d
015 |a cnb000886824 
020 |a 80-7207-345-1 
035 |a (OCoLC)45680340 
040 |a BOA001  |b cze 
072 7 |a 821.111(73)-3  |x Americká próza  |2 Konspekt  |9 25 
080 |a 821.111(73)-31  |2 MRF 
080 |a (0:82-31)  |2 MRF 
100 1 |a McInerney, Jay,  |d 1955-  |7 jn19990005536  |4 aut 
245 1 0 |a Modelové chování /  |c Jay McInerney ; [z angličtiny přeložil Jindřich Manďák] 
250 |a Vyd. 1 
260 |a Praha :  |b Volvox Globator,  |c 2000 
300 |a 189 s. ;  |c 21 cm 
490 1 |a Arkáda ;  |v sv. 5 
655 7 |a americké romány  |7 fd131796  |2 czenas 
700 1 |a Manďák, Jindřich,  |d 1947-  |7 jn20001227085 
765 0 |t Model behavior 
830 0 |a Arkáda  |0 s 
910 |a BOA001  |b 2-1084.508 
990 |a BK 
996 6 |b 2610133793  |c 2-1084.508  |l MZK  |r Sklad / do 1 hodiny  |n 2  |p p.v.  |w 000555308  |u 000010  |a 1  |e BOA001  |j MZK50  |s P